000 00887nam a2200241Ia 4500
003 GCL
008 140319s9999 xx 000 0 ara d
040 _aGCL /
_cGCL
082 0 4 _a327.730569
_bك ع
100 1 _aكوكبيرن , اندور
245 1 0 _aعلاقات خطرة :
_bالقصة الخفية للعلاقات السرية الامريكية الاسرائيلية /
_cكوكبيرن , اندور
700 1 _aمحمود برهوم
700 1 _aكوكبيرن، وليسلى
250 _aالاولى
260 _aبيروت :
_bالمؤسسة العربية للدراسات والنشر ،
_c1992
300 _a303 ص:
_bايض ؛
_c24 سم
650 0 4 _aالسياسة الدولية
650 0 4 _aالعلاقات الخارجية
650 0 4 _aالحرب والسلام
650 0 4 _aالجواسيس
650 0 4 _aالجاسوسية
942 _2ddc
_cBK
999 _c5027
_d5027